Statistics for All Game of Thrones Characters by Death (Seasons 1-6) HARD

Click here to take the quiz!

General Stats

  • This quiz has been taken 359 times
  • The average score is 58 of 102

Answer Stats

HintSeasonAnswer% Correct
Beheaded for "treason" by Illyn Payne on Joffrey Baratheons orders1Lord Eddard Stark
92%
Gored by a Boar1King Robert Baratheon
91%
A "Golden Crown" from Khal Drogo1Viserys Targaryen
91%
Stabbed by a shadow demon that looks like his brother2King Renly Baratheon
90%
Stabbed by Ned Stark (Sansa Direwolf)1Lady
89%
Poisoned by my wife, not by the Lannisters.1Lord Jon Arryn
88%
Smothered by a pillow as a mercy kill, sick due to an infected wound1Khal Drogo
86%
Poisoned at his own wedding by Olenna and Littlefinger4King Joffrey Baratheon
80%
Throat slit by a Frey son at the Red Wedding3Lady Catelyn Stark
80%
Shot by Tyrion while on the toilet4Lord Tywin Lannister
80%
Strangled by Tyrion while in his fathers bed for betraying him.4Shae
80%
Shot by bolts and then stabbed in the heart or stomach by Roose Bolton while he was sending the Lannisters regards3King Robb Stark
79%
Slain by Brienne of Tarth as a revenge kill for killing her king5King Stannis Baratheon
79%
Pushed through the Moon Door by Littlefinger4Lady Lysa Arryn
79%
Mercy killed by Jon Snow while being burned to death5King Mance Rayder
78%
Received a "kiss of death" from Ellaria Sand5Princess Myrcella Baratheon
78%
Stabbed by my fellow Nights Watchmen for doing the right thing5Lord Commander Jon Snow
77%
Head smashed by The Mountain in Tyrions Trial by Combat4Prince Oberyn Martell
76%
Shot in the back with an arrow at the attack on Castle Black (Jon still knows nothing)4Ygritte
76%
Shot outside the Red Wedding by Frey Men (direwolf)3Grey Wind
74%
Died of old age (nice job) while being tended to by Sam and Gilly5Maester Aemon Targaryen
74%
Mercy killed by my sister after being stabbed by wights outside the Three Eyed Ravens cave4Jojen Reed
73%
*** Killed by Ser Meryn Trant while defending Arya Stark1Syrio Forell
73%
Killed by Jon Snow on his orders so Jon could join the Wildlings2Qhorin Halfhand
72%
Killed by his own men during a mutiny at Crasters Keep3Lord Commander Joer Mormont
71%
Stabbed in the heart or stomach by his crazy son6Lord Roose Bolton
71%
Prostitute that was shot by Joffrey as a present for betraying Littlefinger for Varys3Ros
71%
A gentle giant who was meant to "hold the door" :(6Wyllis
71%
Executed by King Robb Stark for treason3Lord Rickard Karstark
70%
Stabbed in the pregnant stomach while at the Red Wedding3Talisa Maegyr- Stark
70%
After being beaten, his own hounds eat him alive6Lord Ramsay Bolton
69%
Burned to death for my Kings Blood to melt the snow :(5Princess Shireen Baratheon
69%
Mercy killed by Osha after being stabbed when Winterfell was being taken2Maester Luwin
68%
Shot by an arrow because he never learned to zig zag from arrows6Rickon Stark
68%
Beheaded by the Umbers (direwolf)6Shaggydog
67%
Stabbed through the eye by Ser Jaime Lannister while defending Ned1Jory Cassell
66%
Sacrificed himself to the wights so they could "hold the door" (direwolf)6Summer
66%
Stabbed in the neck while seducing Ramsay Bolton6Osha
65%
Blown up at the Sept of Baelor by Wildfyre after warning everyone that we need to leave6Queen Margaery Tyrell
65%
Jumped from the window of the Red Keep6King Tommen Baratheon
63%
Killed in a brothel by Arya Stark as a revenge kill5Ser Meryn Trant
63%
Stabbed by Varys' or Qyburns "Little Birds"6Grand Maester Pycelle
62%
Died during a blood magic ritual (Dany/ Drogo's son)1Rhaego
62%
Blown up at the Sept of Baelor by Wildfyre, he caved in for being gay, "Knight of Flowers"6Ser Loras Tyrell
62%
Died of natural causes or sickness, my body was burned on the Trident river as is custom.3Hoster Tully
61%
Was tricked (somehow) into following a kid underground only to discover the caches of Wildfyre will blow him up. (If only he could blow out a candle)6Lancel Lannister
60%
Throat slit by Arya Stark before she revealed the last thing he would see before he died is a "Stark smiling down at him as he dies"6Lord Walder Frey
60%
Rode down by Sandor Clegane on Prince Joffreys orders1Mycah
60%
Slain being a bad a** by the Sons of the Harpy (RIP)5Ser Barristan Selmy
60%
Locked in the same vault for sleeping with ^^^2Doreah
59%
Blown up at the Sept of Baelor by Wildfyre, he was the reason for all this, the leader of the movement6High Sparrow
59%
Killed with her newborn son by Ramsays Hounds6Lady Walda Frey
59%
Blown up at the Sept of Baelor by Wildfyre (Hand of the King, Tywins brother_6Ser Kevan Lannister
59%
Executed by Lord Commander Jon Snow for disobeying his orders5Janos Slynt
57%
Stabbed in the heart by Ellaria Sand (bullsh*t)6Prince Doran Martell
57%
Beheaded by Theon Greyjoy after he sacked Winterfell2Ser Rodrik Cassel
57%
Hung myself after I watched by daughter burn5Lady Selyse Baratheon
56%
Burned to death on a funeral pyre1Mirri Maz Duur
56%
Arys first choice of her deathlist for him torturing the captives at Harrenhal2The Tickler
56%
Cut into pieces and fed to their father in Frey Pies. Name either or the bastards last name6Lothar Frey & Black Walder Rivers
53%
Sword through the head from the Sand Snakes while mourning his beloved6Prince Trystane
53%
(Tough one since she is no one). Killed by Arya in a dark room after chasing her.6The Waif
53%
Blown up at the Sept of Baelor by Wildfyre, Master of Coin and Lord of the Reach6Mace Tyrelle
52%
Thrown from the battlements of Winterfell by Theon for threatening Sansa5Myranda
52%
Stabbed by a Nights Watch member after being called a bastard for the last time3Craster
51%
Beheaded by Lord Stark for deserting the Nights Watch1Will
51%
Locked in a vault by Daenerys for lying about his wealth2Xaro Xhoan Daxos
51%
Stabbed in the throat with needle for asking if he could have help walking2Lommy Greenhands
50%
Stabbed by Arya with Needle, mimicking his kill on her friend... Revenge kill for Arya4Polliver
50%
Killed by Lannister Men after telling Sansa to run to her room1Septa Mordane
50%
Stabbed in the neck by Ser Amory Lorch while defending the Nights Watch recruits2Yoren
49%
Daenerys handmaiden killed by Doreah offscreen,2Irri
47%
Shot by crossbow bolts by Littlefingers men after he saved Sansa from Kings Landing4Ser Dontos Hollard
47%
Killed by Karstark men while being held captive by King Robb (guess one of two)3Willem and Martyn Lannister
47%
We were all burned by Daenerys Targaryen at the Dosh Khaleen. (Name the title)6Dothraki Khals
46%
Killed by Grenn and Nights Watch men while attacking the gate under Castle Black4Mag the Mighty
46%
Neck snapped while Bran was warging Hodor4Locke
45%
Sacrificed herself to the wights with a magic bomb, the last of the children of the forest6Leaf
44%
Wildfyre burned while at the Battle of the Blackwater after being told to "get down"2Matthos Seaworth
44%
Longclaw through the back of the head after being stabbed by one of Crasters wives4Karl Tanner
42%
Throat bit by Ghost while at Crasters Keep4Rast
41%
Actress who was killed by the faceless men after being saved by Arya6Lady Crane
39%
Wildling killed by Jon Snow while he was warged into his eagle.3Orell
39%
Beaten to death by Tormund for being accused of being gay with Jon5Rattleshirt/ Lord of Bones
39%
Poisoned myself while trying to kill Melsandre2Maester Cressen
38%
Aryas second choice to kill, shot in the neck with a poisoned dart2Ser Amory Lorch
35%
Burned by Drogon while Danaerys stole his Unsullied3Kraznys mo Nakloz
34%
Killed in a Trial by Combat at the Eyrie1Ser Vardis Egan
34%
Broken lance to the neck at the Hands Tourney1Ser Hugh of the Vale
33%
Killed by the White Walkers in the first scene1`Ser Waymar Royce
32%
Killed by his cousin Jaimie Lannister while in the cell at Robbs camp2Ser Alton Lannister
29%
Stabbed by Podrick Payne while trying to Kill Tyrion at the Battle of the Blackwater2Ser Mandon Moore
29%
Torn limb from limb during the riot at Kings Landing (title)2High Septon
28%
Awesome warrior from the books who is inexplicably stabbed in the back by a Sand Snake (bullsh*t)6Areo Hotah
27%
Hung by Brotherhood outlaws after his village was destroyed. He saved Sandor Clegane.6Brother Ray
26%
Decapitated while searching the Red Waste for Danerys2Rakharo
25%
Throat ripped out by Khal Drogo1Mago
22%
Two captains of the Second Sons killed by Daario Naharis because they wanted him to kill Daenerys (pick one of two)3Mero & Prendahl na Ghezn
21%
Decapitated by the White Walkers in front of fellow Nights Watch brother1Gared
20%
Executed by Daario Naharis under Queen Daenerys orders for killing a Harpy5Mossador
15%
Burned by Drogon at the House of the Undying2Pyatt Pree
10%
Hung for treason by Lord Commander Jon Snow ( pick one of four)6Olly, Bowen Marsh, Othell Yarwick & Ser Alliser Thorne
0%

Score Distribution

Percentile by Number Answered

Percent of People with Each Score

Your Score History

You have not taken this quiz